[Event "Titled Tuesday intern op 25th Jul Late"]
[Site "Chess.com INT"]
[Date "2023.07.25"]
[Round "7"]
[White "Mahdavirad, Mehdi"]
[Black "Serban, Cristian Stefan"]
[Result "0-1"]
[WhiteElo "2212"]
[BlackElo "2214"]
[PlyCount "78"]
[EventDate "2023.07.25"]
[EventType "swiss (blitz)"]
[EventRounds "11"]
[EventCountry "USA"]
[SourceTitle "EXT 2024"]
[Source "ChessBase"]
[SourceDate "2023.10.10"]
[SourceVersion "1"]
[SourceVersionDate "2023.10.10"]
[SourceQuality "1"]

1. b3 d5 2. Bb2 Nf6 3. e3 c5 4. Nf3 Nc6 5. Bb5 Bd7 6. 0-0 e6 7. d3 Be7 8. Bxc6 Bxc6 9. Ne5 Qc7 10. f4 0-0 11. Nd2 Nd7 12. Nxd7 Qxd7 13. Qg4 f6 14. Rf3 d4 15. Rh3 Rf7 16. Re1 f5 17. Qh5 g6 18. Qh6 Bf8 19. Qh4 Be7 20. Qf2 Bf6 21. e4 e5 22. Nc4 fxe4 23. dxe4 Bh8 24. Rf3 Raf8 25. fxe5 Rxf3 26. gxf3 Qh3 27. Rf1 Bxe4 28. Qg2 Qxg2+ 29. Kxg2 Bxc2 30. Re1 d3 31. Bc1 Re8 32. f4 b5 33. Nd6 Re6 34. Nxb5 g5 35. Kf3 gxf4 36. Bxf4 Bxe5 37. Bxe5 d2 38. Rg1+ Kf7 39. Nc3 Rxe5 0-1

[Event "Abu Dhabi op 23rd"]
[Site "Abu Dhabi"]
[Date "2015.08.23"]
[Round "1"]
[White "Mahdavirad, Mehdi"]
[Black "Rakhmanov, Alexander"]
[Result "0-1"]
[WhiteElo "2271"]
[BlackElo "2620"]
[PlyCount "96"]
[EventDate "2015.08.23"]
[EventType "swiss"]
[EventRounds "9"]
[EventCountry "UAE"]
[SourceTitle "EXT 2016"]
[Source "ChessBase"]
[SourceDate "2015.10.08"]
[SourceVersion "1"]
[SourceVersionDate "2015.10.08"]
[SourceQuality "1"]

1. d4 Nf6 2. Bg5 d6 3. Bxf6 exf6 4. e3 f5 5. Ne2 h5 6. h4 Nd7 7. Nf4 Nf6 8. Nd2 g6 9. g3 Bh6 10. Bg2 0-0 11. 0-0 Re8 12. Re1 c6 13. c4 a5 14. Qc2 Bd7 15. b3 Qe7 16. a3 Ne4 17. Rab1 Ra7 18. Bf3 Nf6 19. Re2 Ng4 20. Rbe1 Qf6 21. Qd3 Raa8 22. Bg2 Qg7 23. Nb1 Re7 24. Nc3 Rae8 25. b4 axb4 26. axb4 g5 27. Nxh5 Qg6 28. hxg5 Qxh5 29. gxh6 Qxh6 30. f3 Qh2+ 31. Kf1 Nf6 32. Kf2 Nh5 33. Rh1 Qxg3+ 34. Kg1 Qg6 35. Rh2 f4 36. Qxg6+ fxg6 37. e4 Ra8 38. c5 dxc5 39. bxc5 Ra3 40. Rc2 Be6 41. Bf1 Ng3 42. Rc1 Kg7 43. Rd2 g5 44. d5 Bd7 45. Kf2 g4 46. Bc4 gxf3 47. Kxf3 Rxe4 48. Bd3 Rd4 0-1

[Event "Tehran Behin Cup 2nd"]
[Site "Tehran"]
[Date "2014.11.22"]
[Round "9"]
[White "Harutjunyan, Gevorg"]
[Black "Mahdavirad, Mehdi"]
[Result "1-0"]
[WhiteElo "2451"]
[BlackElo "2247"]
[PlyCount "99"]
[EventDate "2014.11.15"]
[EventType "swiss"]
[EventRounds "9"]
[EventCountry "IRI"]
[SourceTitle "CBM 163 Extra"]
[Source "ChessBase"]
[SourceDate "2014.12.23"]
[SourceVersion "1"]
[SourceVersionDate "2014.12.23"]
[SourceQuality "1"]

1. e4 c5 2. Nf3 Nc6 3. Nc3 d6 4. d4 cxd4 5. Nxd4 Nf6 6. Bg5 e6 7. Bb5 Bd7 8. Bxc6 bxc6 9. Qf3 e5 10. Nf5 Bxf5 11. Qxf5 Qd7 12. Qf3 Be7 13. 0-0-0 0-0 14. Rd3 Rfd8 15. Rhd1 Ne8 16. Qg3 Bxg5+ 17. Qxg5 Qe6 18. Kb1 Rd7 19. b3 h6 20. Qd2 Rad8 21. Na4 Nf6 22. f3 Qe7 23. Qc3 Rc7 24. Qb4 Kf8 25. c4 Rcd7 26. Nc3 h5 27. Qa4 Rc8 28. c5 d5 29. exd5 Qxc5 30. dxc6 Rxd3 31. Rxd3 Rxc6 32. Qb5 Qxb5 33. Nxb5 a6 34. Nd6 g6 35. a4 Ke7 36. Nc4 Ke6 37. Rd8 e4 38. fxe4 Rc5 39. e5 Ng4 40. Rd6+ Kf5 41. Rxa6 Nxe5 42. Nxe5 Rxe5 43. Rc6 h4 44. Kb2 g5 45. b4 Ke4 46. a5 f5 47. a6 Re7 48. b5 h3 49. g3 Kd5 50. Rc2 1-0

[Event "Abu Dhabi op 22nd"]
[Site "Abu Dhabi"]
[Date "2014.08.21"]
[Round "2"]
[White "Kaboodi, Behrang"]
[Black "Mahdavirad, Mehdi"]
[Result "1-0"]
[WhiteElo "2060"]
[BlackElo "2276"]
[PlyCount "101"]
[EventDate "2014.08.20"]
[EventType "swiss"]
[EventRounds "9"]
[EventCountry "UAE"]
[SourceTitle "CBM 162 Extra"]
[Source "ChessBase"]
[SourceDate "2014.10.17"]
[SourceVersion "1"]
[SourceVersionDate "2014.10.17"]
[SourceQuality "1"]

1. d4 c5 2. d5 e5 3. e4 d6 4. g3 Be7 5. Bg2 Bg5 6. Nd2 Nf6 7. h4 Bxd2+ 8. Bxd2 0-0 9. Qe2 Re8 10. Nh3 Nbd7 11. g4 Nf8 12. g5 N6d7 13. h5 b5 14. g6 fxg6 15. Ng5 Nf6 16. hxg6 Nxg6 17. Bh3 Nf4 18. Bxf4 exf4 19. 0-0-0 Re5 20. Rdg1 Qe7 21. Qf3 Rxg5 22. Rxg5 Qxe4 23. Qd1 Bxh3 24. Rxh3 Re8 25. Qg1 Qe1+ 26. Qxe1 Rxe1+ 27. Kd2 Rb1 28. Rf5 b4 29. b3 Ra1 30. Rxf4 Rxa2 31. Re3 Kf7 32. Re6 Ra6 33. Rf5 Rb6 34. Kd3 h6 35. Kc4 Kg6 36. Rf3 Kf7 37. Rfe3 h5 38. Re7+ Kf8 39. Rxa7 Ng4 40. Re4 Ne5+ 41. Rxe5 dxe5 42. Kxc5 Rb8 43. d6 h4 44. Kd5 h3 45. Ke6 Re8+ 46. Kd7 h2 47. Ra1 Kf7 48. Rh1 Rh8 49. f3 Rh3 50. Kc7 Rh8 51. d7 1-0

[Event "Nakhchivan op"]
[Site "Nakhchivan"]
[Date "2014.05.04"]
[Round "1"]
[White "Korneev, Oleg"]
[Black "Mahdavirad, Mehdi"]
[Result "1-0"]
[WhiteElo "2618"]
[BlackElo "2295"]
[PlyCount "71"]
[EventDate "2014.05.04"]
[EventType "swiss"]
[EventRounds "9"]
[EventCountry "AZE"]
[SourceTitle "CBM 160 Extra"]
[Source "ChessBase"]
[SourceDate "2014.07.01"]
[SourceVersion "1"]
[SourceVersionDate "2014.07.01"]
[SourceQuality "1"]

1. e4 c5 2. Nf3 Nc6 3. d4 cxd4 4. Nxd4 e5 5. Nb5 d6 6. N1c3 a6 7. Na3 Be7 8. Nc4 b5 9. Ne3 Nf6 10. Bd3 0-0 11. 0-0 Rb8 12. a4 b4 13. Ncd5 a5 14. c3 Be6 15. Bb5 Na7 16. Nxf6+ Bxf6 17. c4 Bg5 18. b3 Rc8 19. Ra2 Qc7 20. Re1 h6 21. g3 Nc6 22. h4 Bxe3 23. Bxe3 Ne7 24. Rd2 Rcd8 25. f3 f5 26. Bf2 fxe4 27. fxe4 Kh7 28. Re3 Ng8 29. Kg2 Nf6 30. Bg1 Bg4 31. Qe1 Qb7 32. Qb1 Nxe4 33. Rde2 Bf5 34. Rxe4 Qf7 35. Bc6 Qg6 36. Qe1 1-0

[Event "Tehran Alborz op 1st"]
[Site "Tehran"]
[Date "2014.03.12"]
[Round "8"]
[White "Golizadeh, Asghar"]
[Black "Mahdavirad, Mehdi"]
[Result "1-0"]
[WhiteElo "2508"]
[BlackElo "2303"]
[PlyCount "79"]
[EventDate "2014.03.06"]
[EventType "swiss"]
[EventRounds "11"]
[EventCountry "IRI"]
[SourceTitle "CBM 159 Extra"]
[Source "ChessBase"]
[SourceDate "2014.04.24"]
[SourceVersion "1"]
[SourceVersionDate "2014.04.24"]
[SourceQuality "1"]

1. d4 Nf6 2. c4 e5 3. dxe5 Ng4 4. Nf3 Bc5 5. e3 Nc6 6. Be2 0-0 7. Nc3 Ngxe5 8. Nxe5 Nxe5 9. 0-0 Re8 10. b3 a5 11. Bb2 d6 12. Kh1 Bd7 13. Nd5 Ng6 14. Bg4 c6 15. Nc3 Qe7 16. Bxd7 Qxd7 17. Qf3 Ne5 18. Qg3 Qg4 19. Qxg4 Nxg4 20. Na4 Ba7 21. h3 Nh6 22. Rfd1 Re6 23. Rd3 f5 24. Rad1 Nf7 25. g3 g5 26. Kg2 Kf8 27. Bc3 Ke7 28. c5 Bb8 29. cxd6+ Bxd6 30. Bd4 b5 31. Nc5 Bxc5 32. Bxc5+ Kf6 33. Rd7 a4 34. b4 Kg6 35. Rc7 Rd8 36. Rxd8 Nxd8 37. Rc8 Nf7 38. Bd4 h5 39. h4 gxh4 40. gxh4 1-0

[Event "Fajr op 22nd"]
[Site "Mashhad"]
[Date "2014.01.31"]
[Round "3"]
[White "Mahdavirad, Mehdi"]
[Black "Roghani, Arash"]
[Result "0-1"]
[WhiteElo "2295"]
[BlackElo "2398"]
[PlyCount "120"]
[EventDate "2014.01.30"]
[EventType "swiss"]
[EventRounds "9"]
[EventCountry "IRI"]
[SourceTitle "EXT 2015"]
[Source "ChessBase"]
[SourceDate "2014.11.20"]
[SourceVersion "1"]
[SourceVersionDate "2014.11.20"]
[SourceQuality "1"]

1. c4 e6 2. d4 Nf6 3. Nf3 d5 4. Nc3 Be7 5. Bg5 0-0 6. e3 Nbd7 7. cxd5 exd5 8. Bd3 c6 9. 0-0 Re8 10. Qc2 Nf8 11. Rae1 Ne4 12. Bxe7 Qxe7 13. Bxe4 dxe4 14. Nd2 f5 15. f3 exf3 16. Nxf3 Be6 17. e4 fxe4 18. Rxe4 Rad8 19. Rfe1 h6 20. a3 Qf7 21. Qf2 Ng6 22. R1e3 Bd5 23. Rxe8+ Rxe8 24. Nxd5 cxd5 25. Rxe8+ Qxe8 26. Qe1 Qc8 27. g3 Qf5 28. Kf2 Kf7 29. Qe2 Ne7 30. Qe5 Qc2+ 31. Qe2 Qf5 32. Qe5 Qc2+ 33. Qe2 Qxe2+ 34. Kxe2 Nc6 35. Kd3 h5 36. b3 Kf6 37. Ke3 Kf5 38. h3 Na5 39. Nd2 b5 40. Kf3 Nc6 41. Ke3 Na5 42. Kf3 Kg5 43. Ke3 g6 44. Kf3 Nc6 45. Ke3 Kf5 46. Nb1 b4 47. a4 g5 48. Nd2 g4 49. h4 Kf6 50. Nf1 Ne7 51. Kd3 Nf5 52. Ne3 Nxg3 53. Nxd5+ Kf5 54. Nxb4 Kf4 55. Nd5+ Kf3 56. Nf6 Nf5 57. Nxh5 Ng7 58. d5 Nxh5 59. d6 Nf6 60. h5 g3 0-1

[Event "IRI-ch"]
[Site "Tabriz"]
[Date "2013.12.01"]
[Round "6"]
[White "Darini, Pouria"]
[Black "Mahdavirad, Mehdi"]
[Result "1/2-1/2"]
[WhiteElo "2540"]
[BlackElo "2294"]
[PlyCount "91"]
[EventDate "2013.11.27"]
[EventType "swiss"]
[EventRounds "11"]
[EventCountry "IRI"]
[SourceTitle "CBM 157 Extra"]
[Source "ChessBase"]
[SourceDate "2013.12.19"]
[SourceVersion "1"]
[SourceVersionDate "2013.12.19"]
[SourceQuality "1"]

1. e4 c5 2. Nf3 d6 3. d4 cxd4 4. Nxd4 Nf6 5. Nc3 a6 6. Be3 e5 7. Nb3 Be7 8. h3 Be6 9. Qf3 Nbd7 10. g4 g6 11. 0-0-0 Rc8 12. Bh6 Qc7 13. Kb1 b5 14. Rd2 Rg8 15. Be3 Nb6 16. a3 Nc4 17. Bxc4 bxc4 18. Bg5 Nd7 19. Bxe7 Kxe7 20. Nc1 Rb8 21. N1a2 Qb7 22. Kc1 Qxb2+ 23. Kd1 a5 24. Ke2 Kf8 25. Rxd6 Kg7 26. Rhd1 Nc5 27. R1d2 Rge8 28. g5 Qxa3 29. Rd8 Nxe4 30. Rxb8 Nxc3+ 31. Nxc3 Rxb8 32. Qf6+ Kg8 33. Ne4 Qxh3 34. Rd8+ Rxd8 35. Qxd8+ Kg7 36. Qf6+ Kg8 37. Qxe5 Qf5 38. Nf6+ Kh8 39. Qc3 Kg7 40. Nh5+ Kf8 41. Qa3+ Kg8 42. Nf6+ Kg7 43. Ne8+ Kg8 44. Nf6+ Kg7 45. Ne8+ Kg8 46. Nf6+ 1/2-1/2

[Event "IRI-ch"]
[Site "Tabriz"]
[Date "2013.11.29"]
[Round "4"]
[White "Khodashenas, Mersad"]
[Black "Mahdavirad, Mehdi"]
[Result "1-0"]
[WhiteElo "2182"]
[BlackElo "2294"]
[PlyCount "79"]
[EventDate "2013.11.27"]
[EventType "swiss"]
[EventRounds "11"]
[EventCountry "IRI"]
[SourceTitle "CBM 157 Extra"]
[Source "ChessBase"]
[SourceDate "2013.12.19"]
[SourceVersion "1"]
[SourceVersionDate "2013.12.19"]
[SourceQuality "1"]

1. e4 c5 2. Nf3 Nc6 3. d4 cxd4 4. Nxd4 e5 5. Nb5 d6 6. N1c3 a6 7. Na3 Be7 8. Nd5 Nf6 9. Nxf6+ Bxf6 10. Nc4 Be7 11. Be3 Be6 12. Nb6 Rb8 13. Nd5 0-0 14. Qd2 h6 15. g3 Bg5 16. Bxg5 Qxg5 17. Ne3 Nd4 18. Bg2 f5 19. exf5 Nxf5 20. h4 Qe7 21. Nxf5 Rxf5 22. 0-0 Rf6 23. Rad1 Bg4 24. Rde1 Rbf8 25. f4 Kh8 26. Qb4 Qd7 27. fxe5 Rxf1+ 28. Bxf1 Re8 29. exd6 Rxe1 30. Qxe1 Qxd6 31. Qe8+ Kh7 32. Bd3+ g6 33. Qf7+ Kh8 34. Kh2 Qe6 35. Qxb7 Bf5 36. Qb8+ Kh7 37. Qc7+ Kh8 38. Bc4 Qe8 39. c3 g5 40. Qd6 1-0

[Event "IRI-ch"]
[Site "Tabriz"]
[Date "2013.11.28"]
[Round "2"]
[White "Idani, Pouya"]
[Black "Mahdavirad, Mehdi"]
[Result "1-0"]
[WhiteElo "2483"]
[BlackElo "2294"]
[PlyCount "67"]
[EventDate "2013.11.27"]
[EventType "swiss"]
[EventRounds "11"]
[EventCountry "IRI"]
[SourceTitle "CBM 157 Extra"]
[Source "ChessBase"]
[SourceDate "2013.12.19"]
[SourceVersion "1"]
[SourceVersionDate "2013.12.19"]
[SourceQuality "1"]

1. d4 d5 2. c4 c6 3. Nf3 Nf6 4. Nc3 a6 5. c5 g6 6. h3 Bg7 7. Bf4 0-0 8. e3 Re8 9. Be2 Nbd7 10. 0-0 Nf8 11. Re1 N6d7 12. e4 dxe4 13. Nxe4 Nf6 14. Nc3 Be6 15. Bh2 Nd5 16. Bf1 Qd7 17. Ne5 Bxe5 18. Bxe5 f6 19. Bh2 Rad8 20. Na4 Nb4 21. a3 Qxd4 22. Qxd4 Rxd4 23. axb4 Rxb4 24. Bc7 Bb3 25. Nc3 Kf7 26. Ba5 Rd4 27. Re3 Nd7 28. Ne2 Ra4 29. Rxa4 Bxa4 30. b4 Bb5 31. Nd4 f5 32. Ne6 Kf6 33. f4 h6 34. h4 1-0

[Event "IRI-ch"]
[Site "Tabriz"]
[Date "2013.11.27"]
[Round "1"]
[White "Mahdavirad, Mehdi"]
[Black "Moghaddamian, Afshin"]
[Result "1-0"]
[WhiteElo "2294"]
[BlackElo "2152"]
[PlyCount "123"]
[EventDate "2013.11.27"]
[EventType "swiss"]
[EventRounds "11"]
[EventCountry "IRI"]
[SourceTitle "CBM 157 Extra"]
[Source "ChessBase"]
[SourceDate "2013.12.19"]
[SourceVersion "1"]
[SourceVersionDate "2013.12.19"]
[SourceQuality "1"]

1. c4 Nf6 2. Nf3 d6 3. d4 g6 4. g3 Bg7 5. Bg2 0-0 6. Nc3 a6 7. 0-0 Nbd7 8. e4 e5 9. Re1 Rb8 10. a4 h6 11. h3 Nh7 12. a5 exd4 13. Nxd4 Nc5 14. Be3 Ne6 15. f4 Re8 16. Nxe6 Bxe6 17. c5 dxc5 18. Bxc5 Qxd1 19. Rexd1 Bf8 20. Bxf8 Nxf8 21. e5 b6 22. Ne4 Rec8 23. b4 bxa5 24. bxa5 c5 25. Rdc1 c4 26. g4 Rc7 27. Bf1 Nd7 28. Nd6 c3 29. Bxa6 Nc5 30. Bc4 Bxc4 31. Rxc3 Nb3 32. Rb1 Rb4 33. Nxc4 Rcxc4 34. Rxc4 Rxc4 35. Rxb3 Ra4 36. Rb8+ Kg7 37. Ra8 Rxf4 38. a6 Re4 39. Rb8 Ra4 40. Rb6 Ra3 41. Kg2 h5 42. g5 Ra5 43. h4 Kf8 44. e6 fxe6 45. Rxe6 Kf7 46. Rf6+ Kg7 47. Rb6 Kf7 48. Kf3 Ra4 49. Rb7+ Ke6 50. a7 Ke5 51. Rb5+ Ke6 52. Rb6+ Kf7 53. Rb7+ Ke6 54. Ke3 Kf5 55. Rf7+ Ke6 56. Rf6+ Ke5 57. Rxg6 Rxa7 58. Rh6 Ra3+ 59. Kd2 Rg3 60. Rxh5 Ke4 61. Rh6 Kf5 62. Ke2 1-0

[Event "Baku op"]
[Site "Baku"]
[Date "2013.09.26"]
[Round "8"]
[White "Mahdavirad, Mehdi"]
[Black "Mamedjarova, Zeinab"]
[Result "1-0"]
[WhiteElo "2252"]
[BlackElo "2268"]
[PlyCount "121"]
[EventDate "2013.09.19"]
[EventType "swiss"]
[EventRounds "9"]
[EventCountry "AZE"]
[SourceTitle "CBM 156 Extra"]
[Source "ChessBase"]
[SourceDate "2013.10.22"]
[SourceVersion "1"]
[SourceVersionDate "2013.10.22"]
[SourceQuality "1"]

1. c4 c5 2. Nc3 Nf6 3. g3 g6 4. Bg2 Bg7 5. e4 Nc6 6. Nge2 0-0 7. d3 d6 8. h3 Rb8 9. Be3 a6 10. 0-0 b5 11. cxb5 axb5 12. d4 Nd7 13. f4 Ba6 14. dxc5 Nxc5 15. e5 b4 16. Nd5 Nd3 17. Qc2 Bb5 18. Rfd1 dxe5 19. Rxd3 e6 20. Rd2 Bxe2 21. Qxc6 Bb5 22. Nxb4 Bxc6 23. Rxd8 Bxg2 24. Rxf8+ Bxf8 25. Kxg2 Rxb4 26. b3 e4 27. Rc1 Rb8 28. Kf2 Bg7 29. Ke2 f5 30. Rc7 e5 31. Rc4 Kf7 32. b4 exf4 33. gxf4 Bf8 34. a3 Ra8 35. Rc3 Bd6 36. Bc1 Ke6 37. b5 g5 38. fxg5 f4 39. b6 Kd5 40. Rb3 Rc8 41. Bd2 Ra8 42. b7 Rb8 43. h4 Kc6 44. a4 f3+ 45. Kf2 Rxb7 46. Rxb7 Kxb7 47. Be3 Ka6 48. Bd4 Bf4 49. Bc3 Kb6 50. Bf6 Ka5 51. h5 Kxa4 52. h6 Bd6 53. Bd4 Be7 54. g6 Bh4+ 55. Kf1 hxg6 56. h7 e3 57. Bxe3 Bf6 58. Kf2 Kb5 59. Kxf3 Kc4 60. Ke4 Bh8 61. Bf4 1-0

[Event "Baku op"]
[Site "Baku"]
[Date "2013.09.25"]
[Round "7"]
[White "Mahdavirad, Mehdi"]
[Black "Umudova, Nargiz"]
[Result "0-1"]
[WhiteElo "2252"]
[BlackElo "2256"]
[PlyCount "80"]
[EventDate "2013.09.19"]
[EventType "swiss"]
[EventRounds "9"]
[EventCountry "AZE"]
[SourceTitle "CBM 156 Extra"]
[Source "ChessBase"]
[SourceDate "2013.10.22"]
[SourceVersion "1"]
[SourceVersionDate "2013.10.22"]
[SourceQuality "1"]

1. Nf3 g6 2. g3 Bg7 3. Bg2 Nf6 4. 0-0 0-0 5. c4 d6 6. Nc3 e5 7. d3 Re8 8. Nd2 c6 9. b4 d5 10. Rb1 Be6 11. b5 Nbd7 12. a4 a6 13. bxc6 bxc6 14. Ba3 Qc7 15. cxd5 cxd5 16. Rc1 Qa5 17. Nb3 Qb6 18. a5 Qd8 19. Na4 Rb8 20. Bd6 Rb5 21. Nc3 Rb7 22. d4 exd4 23. Nxd4 Qxa5 24. Nc6 Qb6 25. Nxd5 Nxd5 26. Bxd5 Bxd5 27. Qxd5 Nf6 28. Qf3 Ne4 29. Rfd1 Nxd6 30. Rxd6 Qb2 31. Rcd1 Qxe2 32. Qd5 Rb5 33. Qg2 Bf8 34. Rd7 Bc5 35. Qf1 Rb2 36. Nd4 Qxf1+ 37. Kxf1 a5 38. Rd5 Bb6 39. Rd3 a4 40. h4 Ra8 0-1

[Event "Baku op"]
[Site "Baku"]
[Date "2013.09.23"]
[Round "5"]
[White "Guliev, Logman"]
[Black "Mahdavirad, Mehdi"]
[Result "1/2-1/2"]
[WhiteElo "2380"]
[BlackElo "2252"]
[PlyCount "118"]
[EventDate "2013.09.19"]
[EventType "swiss"]
[EventRounds "9"]
[EventCountry "AZE"]
[SourceTitle "CBM 156 Extra"]
[Source "ChessBase"]
[SourceDate "2013.10.22"]
[SourceVersion "1"]
[SourceVersionDate "2013.10.22"]
[SourceQuality "1"]

1. e4 c5 2. Nf3 Nc6 3. Bb5 g6 4. 0-0 Bg7 5. Re1 e5 6. Bxc6 bxc6 7. d3 d6 8. h3 Nf6 9. Nbd2 0-0 10. Nc4 Nh5 11. c3 Qc7 12. d4 exd4 13. cxd4 d5 14. exd5 cxd5 15. Nce5 Re8 16. Qa4 Bb7 17. Bd2 cxd4 18. Qxd4 f6 19. Nd3 Re4 20. Qc5 Qf7 21. Qb5 Bf8 22. Nc5 Bxc5 23. Qxc5 Ng7 24. Bc3 Ne6 25. Qa5 Bc6 26. Qa6 Bb7 27. Qb5 Kg7 28. Rad1 a6 29. Qb6 Re8 30. Rxe4 dxe4 31. Nh2 h5 32. Rd6 Re7 33. Nf1 Kh7 34. Ng3 f5 35. Ne2 Bc8 36. Nd4 Nxd4 37. Qxd4 Re8 38. b4 Qe7 39. Rc6 f4 40. Qb6 e3 41. fxe3 Qxe3+ 42. Qxe3 fxe3 43. a4 h4 44. b5 axb5 45. axb5 Kh6 46. b6 Ba6 47. Rc7 e2 48. Be1 Rf8 49. Bd2+ g5 50. Re7 Rf1+ 51. Kh2 Rd1 52. Re6+ Kh5 53. Bb4 Rb1 54. Ba5 Ra1 55. Bc3 Rc1 56. Bd2 Rd1 57. b7 Bxb7 58. Rxe2 Ba6 59. Rf2 Rf1 1/2-1/2

[Event "Baku op"]
[Site "Baku"]
[Date "2013.09.22"]
[Round "4"]
[White "Mahdavirad, Mehdi"]
[Black "Nigalidze, Gaioz"]
[Result "0-1"]
[WhiteElo "2252"]
[BlackElo "2508"]
[PlyCount "59"]
[EventDate "2013.09.19"]
[EventType "swiss"]
[EventRounds "9"]
[EventCountry "AZE"]
[SourceTitle "CBM 156 Extra"]
[Source "ChessBase"]
[SourceDate "2013.10.22"]
[SourceVersion "1"]
[SourceVersionDate "2013.10.22"]
[SourceQuality "1"]

1. Nf3 c5 2. c4 Nc6 3. g3 g6 4. Bg2 Bg7 5. Nc3 e6 6. 0-0 Nge7 7. d4 Nxd4 8. Nxd4 cxd4 9. Nb5 Qb6 10. e3 Nf5 11. Nxd4 Nxd4 12. exd4 Bxd4 13. Bh6 d6 14. Rb1 Rb8 15. b4 e5 16. c5 dxc5 17. bxc5 Qxc5 18. Qe2 Bd7 19. Rfd1 Ke7 20. Bxb7 Rhe8 21. Qf3 f5 22. Rdc1 Qd6 23. Be3 Kf8 24. Rd1 Ba4 25. Rdc1 Re7 26. Bxd4 exd4 27. Rc4 Be8 28. Rbb4 d3 29. Rd4 Qe5 30. Kg2 0-1

[Event "Baku op"]
[Site "Baku"]
[Date "2013.09.20"]
[Round "2"]
[White "Mahdavirad, Mehdi"]
[Black "Pourramezanali, Amirreza"]
[Result "1-0"]
[WhiteElo "2252"]
[BlackElo "2455"]
[PlyCount "138"]
[EventDate "2013.09.19"]
[EventType "swiss"]
[EventRounds "9"]
[EventCountry "AZE"]
[SourceTitle "CBM 156 Extra"]
[Source "ChessBase"]
[SourceDate "2013.10.22"]
[SourceVersion "1"]
[SourceVersionDate "2013.10.22"]
[SourceQuality "1"]

1. c4 Nf6 2. Nf3 c6 3. g3 d5 4. Bg2 Bg4 5. Ne5 Bf5 6. cxd5 cxd5 7. Nc3 Nc6 8. Nxc6 bxc6 9. d3 e5 10. e4 Bg4 11. Qa4 Bd7 12. 0-0 d4 13. Nb1 c5 14. Qc2 Bd6 15. Na3 0-0 16. Nc4 Be6 17. Bg5 Bxc4 18. Qxc4 h6 19. Bd2 Qb6 20. Rab1 a5 21. Bh3 Rfb8 22. f4 Qb5 23. Qxb5 Rxb5 24. fxe5 Bxe5 25. Rf5 Re8 26. Rxf6 Bxf6 27. Bd7 Reb8 28. Bxb5 Rxb5 29. Kf2 a4 30. Ke2 Bg5 31. Bxg5 hxg5 32. Kd2 Rb6 33. Kc2 Rh6 34. Rh1 Rf6 35. Rd1 Kf8 36. a3 Ke7 37. Rd2 Rb6 38. Rf2 g6 39. h4 gxh4 40. gxh4 Rb8 41. Rf4 Rh8 42. Rg4 Rh6 43. b3 f5 44. exf5 gxf5 45. Rf4 Ke6 46. bxa4 Ke5 47. Rf2 Rf6 48. Kb3 Kd5 49. a5 c4+ 50. dxc4+ Ke4 51. h5 f4 52. Rh2 f3 53. a6 f2 54. a7 f1Q 55. a8Q+ Kd3 56. Qh1 Rb6+ 57. Ka2 Qxh1 58. Rxh1 Kxc4 59. h6 Rb8 60. h7 Rh8 61. Kb2 Kd3 62. Kc1 Kc3 63. Rh3+ d3 64. Kd1 Kd4 65. Kd2 Ke4 66. a4 Kf5 67. a5 Kg6 68. a6 Kf7 69. a7 Kg7 1-0

[Event "Fajr op 21st"]
[Site "Mashhad"]
[Date "2013.02.21"]
[Round "3"]
[White "Mahdavirad, Mehdi"]
[Black "Mahjoob, Morteza"]
[Result "1-0"]
[WhiteElo "2176"]
[BlackElo "2433"]
[PlyCount "151"]
[EventDate "2013.02.20"]
[EventType "swiss"]
[EventRounds "11"]
[EventCountry "IRI"]
[SourceTitle "EXT 2014"]
[Source "ChessBase"]
[SourceDate "2013.11.20"]
[SourceVersion "1"]
[SourceVersionDate "2013.11.20"]
[SourceQuality "1"]

1. b3 e5 2. Bb2 Nc6 3. e3 Nf6 4. Bb5 Bd6 5. Ne2 e4 6. Ng3 Be5 7. Bxe5 Nxe5 8. d4 exd3 9. Bxd3 d5 10. Nd2 Nxd3+ 11. cxd3 h5 12. h3 h4 13. Ne2 Qd6 14. Nf3 Bd7 15. Qd2 a5 16. Rc1 c6 17. Qc3 Bf5 18. 0-0 Kf8 19. Rfd1 Rh6 20. Qd4 Qd7 21. Kh2 Kg8 22. Qf4 Be6 23. Ned4 Nh7 24. a3 Nf8 25. e4 Ng6 26. Qd2 Qd6+ 27. Kh1 Bd7 28. b4 Rh5 29. Nb3 a4 30. Nc5 Bc8 31. d4 Nf4 32. e5 Qh6 33. Nd3 Nxd3 34. Qxd3 Bf5 35. Qd2 Qg6 36. Rc3 Be4 37. Ne1 f6 38. exf6 Qxf6 39. f3 Bg6 40. Re3 Rf8 41. Qe2 Rg5 42. Re6 Qf4 43. Nd3 Qg3 44. Ne5 Bf5 45. Re7 Bxh3 46. gxh3 Rxe5 47. Rxe5 Qxh3+ 48. Kg1 Rxf3 49. Rg5 Rg3+ 50. Rxg3 Qxg3+ 51. Kf1 Qh3+ 52. Qg2 Qxa3 53. Qg4 Qxb4 54. Re1 Qf8+ 55. Kg1 a3 56. Re2 b5 57. Qg6 b4 58. Re8 a2 59. Rxf8+ Kxf8 60. Qd6+ Kg8 61. Qb8+ Kh7 62. Qa7 b3 63. Kh2 Kg6 64. Kh3 Kf5 65. Kxh4 Kf4 66. Qa3 g5+ 67. Kh3 g4+ 68. Kg2 Ke4 69. Qb2 Kf4 70. Kf2 g3+ 71. Kg2 Kg4 72. Qc3 Kf5 73. Kxg3 Ke4 74. Kf2 c5 75. dxc5 d4 76. Qb2 1-0

[Event "Fajr op 18th"]
[Site "Mashhad"]
[Date "2010.02.25"]
[Round "9"]
[White "Mahdavirad, Mehdi"]
[Black "Dzhumaev, Marat"]
[Result "1/2-1/2"]
[WhiteElo "2204"]
[BlackElo "2515"]
[PlyCount "133"]
[EventDate "2010.02.20"]
[EventType "swiss"]
[EventRounds "11"]
[EventCountry "IRI"]
[SourceTitle "CBM 135 Extra"]
[Source "ChessBase"]
[SourceDate "2010.05.04"]
[SourceVersion "1"]
[SourceVersionDate "2010.05.04"]
[SourceQuality "1"]

1. c4 f5 2. g3 Nf6 3. Bg2 g6 4. Nc3 Bg7 5. d3 0-0 6. e4 e5 7. Nge2 Nc6 8. h3 d6 9. Be3 Be6 10. exf5 gxf5 11. 0-0 f4 12. gxf4 Qd7 13. Kh2 Nh5 14. fxe5 dxe5 15. Ne4 Kh8 16. Nc5 Qe7 17. Nxe6 Qxe6 18. Ng3 Nf4 19. Qg4 Qf7 20. Be4 Nd4 21. Rg1 c6 22. Nf5 Nxf5 23. Bxf5 Rad8 24. Rg3 Nh5 25. Rf3 Nf4 26. Rg1 Bf6 27. Rfg3 h5 28. Qd1 Bh4 29. Rg5 Bxg5 30. Rxg5 Rg8 31. Qg1 Rg7 32. Bxf4 exf4 33. Bg6 Qf6 34. Rxh5+ Kg8 35. Bh7+ Kf7 36. Qd1 Rg5 37. Be4 Rh8 38. Rxh8 Qxh8 39. Qf3 Qh4 40. b4 Rg7 41. Bf5 Qg5 42. Bg4 Qe5 43. a4 Kf6 44. b5 cxb5 45. axb5 Rc7 46. Kg2 Kg7 47. Kh2 a5 48. bxa6 bxa6 49. Kg2 a5 50. Qa8 Rf7 51. Bf3 Kh6 52. d4 Qg7+ 53. Kf1 Qxd4 54. Qxa5 Qxc4+ 55. Kg2 Rg7+ 56. Bg4 Rg5 57. Qb6+ Rg6 58. Qd8 Qc6+ 59. Kh2 Qf6 60. Qd5 Rg5 61. Qf3 Rc5 62. Kg2 Kg5 63. Qd3 Kh6 64. Kh2 Rc3 65. Qe4 f3 66. Kg3 Kg7 67. Qf4 1/2-1/2

[Event "Urumia op 2nd"]
[Site "Urumia"]
[Date "2008.08.30"]
[Round "8"]
[White "Mahdavirad, Mehdi"]
[Black "Gaprindashvili, Valeriane"]
[Result "0-1"]
[WhiteElo "2215"]
[BlackElo "2452"]
[PlyCount "89"]
[EventDate "2008.08.26"]
[EventType "swiss"]
[EventRounds "10"]
[EventCountry "IRI"]
[SourceTitle "CBM 126 Extra"]
[Source "ChessBase"]
[SourceDate "2008.11.05"]
[SourceVersion "1"]
[SourceVersionDate "2008.11.05"]
[SourceQuality "1"]

1. e4 c6 2. d4 d5 3. e5 Bf5 4. Be3 e6 5. Nd2 Ne7 6. f4 h5 7. Ngf3 h4 8. Be2 Bg4 9. 0-0 Nd7 10. c3 Nf5 11. Bf2 Be7 12. Qb3 Qb6 13. Rfc1 g5 14. fxg5 Bxg5 15. Qxb6 axb6 16. Nxg5 Bxe2 17. Nh3 Ke7 18. Nf4 Bh5 19. Nf1 Rag8 20. Ne3 Nxe3 21. Bxe3 Bf3 22. h3 f6 23. exf6+ Nxf6 24. Kh2 Be4 25. Rg1 Bf5 26. g4 hxg3+ 27. Rxg3 Ng4+ 28. Rxg4 Rxg4 29. Rg1 Rxg1 30. Bxg1 Kd6 31. Bf2 c5 32. h4 e5 33. Ne2 Rc8 34. Bg3 cxd4 35. Nxd4 Bg4 36. Kg2 Re8 37. Kf2 Kc5 38. Nb3+ Kc6 39. Ke3 Kd7 40. Nd2 Ke6 41. a3 Bd1 42. Kd3 Rg8 43. Bf2 Rg2 44. Be3 Rh2 45. Bxb6 0-1